000
00213 a2200097 4500
001
25510
100
_a
Hohn
245
_a
Dictionary of electrotechnology
260
_a
_b
Chapman and Hall
_c
090
_c
17234
_d
17234
942
_a
NUST-CAE
_c
M
_c
8041
999
_c
260583
_d
260583